| 000 | 00619nam a2200193Ia 4500 | ||
|---|---|---|---|
| 003 | GCL | ||
| 008 | 140319s9999 xx 000 0 ara d | ||
| 040 |
_aGCL / _cGCL |
||
| 082 | 0 | 4 |
_a636.08 _bا ت |
| 100 | 1 | _aالسنوسى ابراهيم بن عامر | |
| 245 | 1 | 0 |
_aتقنية تحليل وتقييم اغذية:حيوانات المزرعة / _cالسنوسى ابراهيم بن عامر |
| 260 |
_a[S.N] : _bجامعة عمر المختار ، _c1992 |
||
| 300 | _a125 ص | ||
| 490 | _a | ||
| 650 | 0 | 4 | _aالزراعة |
| 650 | 0 | 4 | _aتحليل |
| 650 | 0 | 4 | _aمزارع الحيوانات |
| 942 |
_2ddc _cBK |
||
| 999 |
_c53295 _d53295 |
||